[Event "EU-ch Seniors 65 19th"]
[Site "Rhodes"]
[Date "2019.04.14"]
[Round "9"]
[White "Oster, Jean Marie"]
[Black "Virtanen, Esko"]
[Result "0-1"]
[WhiteElo "1482"]
[BlackElo "1783"]
[PlyCount "80"]
[EventDate "2019.04.06"]
[EventType "swiss"]
[EventRounds "9"]
[EventCountry "GRE"]
[SourceTitle "CBM 189 Extra"]
[Source "ChessBase"]
[SourceDate "2019.06.03"]
[SourceVersion "1"]
[SourceVersionDate "2019.06.03"]
[SourceQuality "1"]

1. Nf3 Nf6 2. c4 c5 3. Nc3 Nc6 4. e3 g6 5. d3 Bg7 6. Be2 0-0 7. d4 cxd4 8. Nxd4 Qa5 9. 0-0 Rd8 10. Bd2 Qe5 11. Nf3 Qb8 12. Rc1 d5 13. Nb5 dxc4 14. Bxc4 e6 15. b3 Ne4 16. Qc2 Nxd2 17. Nxd2 a6 18. Nc3 b5 19. Be2 Nb4 20. Qb2 Nd3 21. Bxd3 Rxd3 22. Qc2 Rxc3 23. Qb1 Rxc1 24. Rxc1 Qe5 25. Nf3 Qb2 26. Qc2 Bb7 27. Nd4 Bxd4 28. exd4 Qxc2 29. Rxc2 Rc8 30. Rxc8+ Bxc8 31. b4 Kg7 32. f4 Kf6 33. Kf2 g5 34. Ke3 Bb7 35. g3 g4 36. a3 Kf5 37. Kd3 h5 38. Ke3 Be4 39. Ke2 Bb1 40. Ke3 f6 0-1

[Event "EU-ch Seniors 65 19th"]
[Site "Rhodes"]
[Date "2019.04.13"]
[Round "8"]
[White "Hiby, Harald"]
[Black "Oster, Jean Marie"]
[Result "0-1"]
[WhiteElo "1812"]
[BlackElo "1482"]
[PlyCount "120"]
[EventDate "2019.04.06"]
[EventType "swiss"]
[EventRounds "9"]
[EventCountry "GRE"]
[SourceTitle "CBM 189 Extra"]
[Source "ChessBase"]
[SourceDate "2019.06.03"]
[SourceVersion "1"]
[SourceVersionDate "2019.06.03"]
[SourceQuality "1"]

1. d4 c5 2. e3 Nf6 3. c4 e6 4. Nf3 d5 5. Nc3 cxd4 6. exd4 Nc6 7. Be2 Be7 8. 0-0 a6 9. b3 dxc4 10. bxc4 0-0 11. Be3 Bb4 12. Na4 Rb8 13. a3 Ba5 14. Rb1 Bc7 15. Qc2 b6 16. Rfd1 Bb7 17. Nc3 h6 18. h3 Ne7 19. c5 b5 20. a4 Ned5 21. axb5 Nxc3 22. Qxc3 Nd5 23. Qc1 axb5 24. Bxb5 Ba5 25. Bd2 Bc7 26. Ne5 Bxe5 27. dxe5 Rc8 28. Be3 Qc7 29. Bd4 Rfd8 30. Qc4 Ne7 31. Rbc1 Rd5 32. Ba6 Nc6 33. Bxb7 Qxb7 34. Qa4 Nxe5 35. Bxe5 Rxe5 36. c6 Qc7 37. Rd7 Qb6 38. c7 Rd5 39. Rxd5 exd5 40. Qd7 Qb7 41. Kh2 g6 42. Rb1 Qxc7+ 43. Qxc7 Rxc7 44. Rd1 Rd7 45. Rd4 f5 46. Kg3 Kf7 47. Kf3 Ke6 48. Ke3 g5 49. f4 Rc7 50. Rd3 Rc4 51. g3 Re4+ 52. Kf3 Kd6 53. Ra3 Rc4 54. Ra6+ Rc6 55. Ra3 d4 56. Kf2 Kd5 57. Ra5+ Rc5 58. Ra8 gxf4 59. Rd8+ Ke4 60. gxf4 Rc2+ 0-1

[Event "EU-ch Seniors 65 19th"]
[Site "Rhodes"]
[Date "2019.04.11"]
[Round "6"]
[White "Lembidakis, Michael"]
[Black "Oster, Jean Marie"]
[Result "0-1"]
[WhiteElo "1617"]
[BlackElo "1482"]
[PlyCount "66"]
[EventDate "2019.04.06"]
[EventType "swiss"]
[EventRounds "9"]
[EventCountry "GRE"]
[SourceTitle "CBM 189 Extra"]
[Source "ChessBase"]
[SourceDate "2019.06.03"]
[SourceVersion "1"]
[SourceVersionDate "2019.06.03"]
[SourceQuality "1"]

1. e4 c5 2. d4 cxd4 3. Qxd4 Nf6 4. Nc3 e6 5. Be3 Be7 6. f3 Nc6 7. Qc4 0-0 8. 0-0-0 a6 9. f4 b5 10. Qe2 d6 11. e5 Ne8 12. exd6 Nxd6 13. Nf3 Qc7 14. Qf2 Nc4 15. Bxc4 bxc4 16. Na4 Nb4 17. Kb1 Nd5 18. Bd4 Qc6 19. Nc5 Rb8 20. Ne5 Qb5 21. c3 Bxc5 22. Bxc5 Nxc3+ 23. Ka1 Nxd1 24. Rxd1 Re8 25. Bd6 Rb7 26. Qc2 Bd7 27. Ba3 Qa4 28. Qxa4 Bxa4 29. Rc1 Bb5 30. Nxc4 Bxc4 31. Rxc4 Rd7 32. b4 Rd2 33. Rc6 Ra8 0-1

[Event "Sao Martinho do Porto op 1st"]
[Site "Sao Martinho do Porto"]
[Date "2018.09.18"]
[Round "6"]
[White "Oster, Jean Marie"]
[Black "Castanheira, Antonio Pedro Ribei"]
[Result "0-1"]
[WhiteElo "1479"]
[BlackElo "1905"]
[PlyCount "72"]
[EventDate "2018.09.15"]
[EventType "swiss"]
[EventRounds "9"]
[EventCountry "POR"]
[SourceTitle "CBM 186 Extra"]
[Source "ChessBase"]
[SourceDate "2018.08.24"]
[SourceVersion "1"]
[SourceVersionDate "2018.08.24"]
[SourceQuality "1"]

1. Nf3 d5 2. c4 e6 3. e3 Nf6 4. d4 c6 5. Nc3 Bd6 6. a3 0-0 7. c5 Bc7 8. b4 a6 9. Bb2 Nbd7 10. Be2 e5 11. dxe5 Nxe5 12. Nd4 Bg4 13. f3 Bh5 14. 0-0 g5 15. Qc2 Bg6 16. e4 Nh5 17. Nf5 Bxf5 18. exf5 f6 19. Rad1 Nf4 20. Rfe1 Nxe2+ 21. Nxe2 Rf7 22. Nd4 Qd7 23. Ne6 Re8 24. Bc1 h6 25. Qe2 Rfe7 26. Qf2 Nf7 27. Bb2 Be5 28. Bd4 Qc8 29. g4 Qb8 30. Be3 Nd8 31. f4 Bc7 32. Bd4 Nxe6 33. Bxf6 Nxf4 34. Qd2 Rxe1+ 35. Rxe1 Be5 36. Qe3 Bd4 0-1

[Event "Sao Martinho do Porto op 1st"]
[Site "Sao Martinho do Porto"]
[Date "2018.09.16"]
[Round "3"]
[White "Heil, Rudolf"]
[Black "Oster, Jean Marie"]
[Result "1-0"]
[WhiteElo "1737"]
[BlackElo "1479"]
[PlyCount "49"]
[EventDate "2018.09.15"]
[EventType "swiss"]
[EventRounds "9"]
[EventCountry "POR"]
[SourceTitle "CBM 186 Extra"]
[Source "ChessBase"]
[SourceDate "2018.08.24"]
[SourceVersion "1"]
[SourceVersionDate "2018.08.24"]
[SourceQuality "1"]

1. c4 Nf6 2. g3 e6 3. Bg2 d5 4. Nf3 c5 5. 0-0 Nc6 6. cxd5 Nxd5 7. Nc3 Be7 8. d4 Nxc3 9. bxc3 cxd4 10. cxd4 Bf6 11. Bb2 0-0 12. Rb1 Qa5 13. Qb3 Qb4 14. Qxb4 Nxb4 15. a3 Nd5 16. Rfc1 Bd7 17. Ne5 Bxe5 18. dxe5 Bc6 19. Bd4 Rfd8 20. Bc5 b6 21. Bd6 Rac8 22. e4 Rxd6 23. exd6 Nf6 24. e5 Nd5 25. Rxc6 1-0

[Event "World Amateur-ch U1700"]
[Site "Cagliari"]
[Date "2018.04.29"]
[Round "9"]
[White "Oster, Jean Marie"]
[Black "Paletta, Giuseppe"]
[Result "1-0"]
[WhiteElo "1482"]
[BlackElo "1619"]
[PlyCount "99"]
[EventDate "2018.04.22"]
[EventType "swiss"]
[EventRounds "9"]
[EventCountry "ITA"]
[SourceTitle "CBM 184 Extra"]
[Source "ChessBase"]
[SourceDate "2018.06.28"]
[SourceVersion "1"]
[SourceVersionDate "2018.06.28"]
[SourceQuality "1"]

1. Nf3 b6 2. c4 Bb7 3. e3 e6 4. d4 Bb4+ 5. Bd2 Bxd2+ 6. Nbxd2 c5 7. dxc5 bxc5 8. Be2 Nf6 9. 0-0 0-0 10. Qc2 d6 11. Rfd1 Qe7 12. Ng5 Nbd7 13. Nde4 Rfd8 14. Bf3 Rab8 15. b3 Ne5 16. Nxf6+ Qxf6 17. Bxb7 Rxb7 18. Ne4 Qe7 19. Rd2 f5 20. Nc3 a6 21. Rad1 Rbd7 22. f4 Ng4 23. Rd3 Qh4 24. g3 Qe7 25. Qd2 Nf6 26. Qg2 Qf7 27. Qc6 d5 28. Qxc5 Ne4 29. Nxe4 fxe4 30. Rd4 Qh5 31. cxd5 exd5 32. Qc6 Rd6 33. Qc3 Qf3 34. Qd2 h6 35. Rf1 Qg4 36. Kg2 h5 37. h3 Qf5 38. Qe2 Rg6 39. Kh2 Rh6 40. Rg1 Kh8 41. g4 hxg4 42. Qxg4 Qf7 43. Qg5 Qd7 44. Qg4 Qe7 45. Qg5 Qf7 46. Qxd8+ Kh7 47. Qxd5 Qc7 48. Qxe4+ Kh8 49. Rc4 Qd7 50. Rg3 1-0

[Event "Reunion op 17th"]
[Site "St Denis"]
[Date "2015.10.10"]
[Round "9"]
[White "Leonardy, Baptiste"]
[Black "Oster, Jean Marie"]
[Result "0-1"]
[WhiteElo "1140"]
[BlackElo "1474"]
[PlyCount "52"]
[EventDate "2015.10.10"]
[EventType "swiss"]
[EventRounds "9"]
[EventCountry "RUF"]
[SourceTitle "CBM 168 Extra"]
[Source "ChessBase"]
[SourceDate "2015.10.29"]
[SourceVersion "1"]
[SourceVersionDate "2015.10.29"]
[SourceQuality "1"]

1. e4 c5 2. Nf3 Nc6 3. Nc3 Nf6 4. Bc4 e6 5. a3 d5 6. exd5 exd5 7. Qe2+ Be7 8. Ba2 d4 9. Nd1 0-0 10. 0-0 b6 11. d3 Bb7 12. Re1 Re8 13. Bg5 h6 14. Bxf6 Bxf6 15. Qd2 Ne5 16. Nxe5 Bxe5 17. Rxe5 Rxe5 18. h3 Qe7 19. Nc3 dxc3 20. Qxc3 Re8 21. Bxf7+ Kxf7 22. Qc4+ Qe6 23. Qf4+ Qf6 24. Qc1 Re2 25. Qd1 Qxf2+ 26. Kh1 Qxg2# 0-1

[Event "Vilnius op 2nd"]
[Site "Vilnius"]
[Date "2012.12.01"]
[Round "1"]
[White "Oster, Jean Marie"]
[Black "Jankunas, Tomas"]
[Result "0-1"]
[WhiteElo "1574"]
[BlackElo "2009"]
[PlyCount "48"]
[EventDate "2012.12.01"]
[EventType "swiss"]
[EventRounds "9"]
[EventCountry "LTU"]
[SourceTitle "EXT 2022"]
[Source "ChessBase"]
[SourceDate "2021.10.06"]
[SourceVersion "1"]
[SourceVersionDate "2021.10.06"]
[SourceQuality "1"]

1. Nf3 Nf6 2. c4 g6 3. d4 Bg7 4. Nc3 0-0 5. e4 d6 6. Be2 e5 7. d5 a5 8. 0-0 Na6 9. h3 Bd7 10. a3 Qe8 11. Be3 Nh5 12. Nh2 Nf4 13. Bf3 f5 14. Rb1 a4 15. b4 axb3 16. Qxb3 b6 17. Ra1 Nd3 18. Nb5 Bxb5 19. cxb5 Nac5 20. Bxc5 Nxc5 21. Qc2 Qxb5 22. Rfb1 Qa4 23. Qc1 Qd7 24. Rb4 Nd3 0-1

[Event "Reunion op 14th"]
[Site "St Denis"]
[Date "2012.10.08"]
[Round "4"]
[White "Oster, Jean Marie"]
[Black "Ringayen, Francinel"]
[Result "1-0"]
[WhiteElo "1571"]
[BlackElo "1180"]
[PlyCount "59"]
[EventDate "2012.10.06"]
[EventType "swiss"]
[EventRounds "9"]
[EventCountry "RUF"]
[SourceTitle "EXT 2013"]
[Source "ChessBase"]
[SourceDate "2012.11.22"]
[SourceVersion "1"]
[SourceVersionDate "2012.11.22"]
[SourceQuality "1"]

1. Nf3 Nc6 2. c4 e5 3. Nc3 Nf6 4. d4 Bb4 5. d5 Na5 6. e3 Bxc3+ 7. bxc3 c6 8. Nxe5 Qe7 9. Nf3 cxd5 10. cxd5 Qe4 11. Qd4 Qxd4 12. cxd4 Nxd5 13. Bd2 Nc6 14. Bc4 Ncb4 15. Ke2 b6 16. Rab1 a5 17. a3 Ba6 18. Rbc1 Rc8 19. Bxa6 Rxc1 20. Rxc1 Nc6 21. Bb5 Nde7 22. e4 0-0 23. d5 Na7 24. Bxd7 Rd8 25. Bh3 g6 26. Rc7 Nec8 27. Ng5 f6 28. Nxh7 Kh8 29. Nxf6 g5 30. Rh7# 1-0

[Event "Reunion op 14th"]
[Site "St Denis"]
[Date "2012.10.07"]
[Round "2"]
[White "Oster, Jean Marie"]
[Black "Sandjivy, Jean Marc"]
[Result "1-0"]
[WhiteElo "1571"]
[BlackElo "1392"]
[PlyCount "51"]
[EventDate "2012.10.06"]
[EventType "swiss"]
[EventRounds "9"]
[EventCountry "RUF"]
[SourceTitle "EXT 2013"]
[Source "ChessBase"]
[SourceDate "2012.11.22"]
[SourceVersion "1"]
[SourceVersionDate "2012.11.22"]
[SourceQuality "1"]

1. Nf3 Nf6 2. c4 e6 3. e3 b6 4. d4 Bb7 5. Nc3 Bb4 6. Bd2 0-0 7. a3 Be7 8. Be2 c5 9. 0-0 cxd4 10. exd4 d5 11. cxd5 Nxd5 12. Rc1 Nc6 13. Nxd5 Qxd5 14. Bc4 Qf5 15. Re1 Rad8 16. Bc3 Bf6 17. Bd3 Qh5 18. Be4 Rd7 19. h3 Rfd8 20. g4 Qxh3 21. Nh2 Nxd4 22. Bxb7 Rxb7 23. Bxd4 Bxd4 24. Qxd4 Rbd7 25. Qxd7 Qh4 26. Rc8 1-0

[Event "Reunion op 14th"]
[Site "St Denis"]
[Date "2012.10.07"]
[Round "3"]
[White "Payet, Jean Claude"]
[Black "Oster, Jean Marie"]
[Result "1-0"]
[WhiteElo "1829"]
[BlackElo "1571"]
[PlyCount "87"]
[EventDate "2012.10.06"]
[EventType "swiss"]
[EventRounds "9"]
[EventCountry "RUF"]
[SourceTitle "EXT 2013"]
[Source "ChessBase"]
[SourceDate "2012.11.22"]
[SourceVersion "1"]
[SourceVersionDate "2012.11.22"]
[SourceQuality "1"]

1. e4 c5 2. Nf3 e6 3. d4 cxd4 4. Nxd4 Nc6 5. Be3 Nf6 6. f3 Qb6 7. b3 d5 8. Bd3 e5 9. Nf5 d4 10. Bg5 Bxf5 11. exf5 Be7 12. Nd2 0-0 13. 0-0 Nd5 14. Nc4 Qc7 15. Bxe7 Qxe7 16. a4 Ncb4 17. Re1 f6 18. Be4 Qc5 19. Kh1 Rad8 20. Qd2 Rd7 21. h3 Rfd8 22. Bxd5+ Nxd5 23. Re4 Qb4 24. Qxb4 Nxb4 25. Rc1 Na2 26. Ra1 Nc3 27. Rg4 b5 28. axb5 Nxb5 29. Ra6 Nc3 30. Rxf6 Nd1 31. Rg3 Nf2+ 32. Kg1 d3 33. cxd3 Nxd3 34. Re6 Nc1 35. Nxe5 Ne2+ 36. Kh2 Nxg3 37. Nxd7 Nxf5 38. Re5 Nd4 39. Rd5 Ne6 40. f4 Kf7 41. Ne5+ Ke8 42. Ra5 Nxf4 43. Rxa7 Kf8 44. Rf7+ 1-0

[Event "Francophone-ch 1st"]
[Site "Hammamet "]
[Date "2010.04.25"]
[Round "1"]
[White "Oster, Jean Marie"]
[Black "Hautot, Stephane"]
[Result "0-1"]
[WhiteElo "1621"]
[BlackElo "2410"]
[PlyCount "60"]
[EventDate "2010.04.25"]
[EventType "swiss"]
[EventRounds "9"]
[EventCountry "TUN"]
[SourceTitle "EXT 2011"]
[Source "ChessBase"]
[SourceDate "2010.11.26"]
[SourceVersion "1"]
[SourceVersionDate "2010.11.26"]
[SourceQuality "1"]

1. Nf3 d5 2. c4 c6 3. e3 Nf6 4. d4 e6 5. Nc3 Nbd7 6. a3 Bd6 7. b4 0-0 8. Bb2 Qe7 9. cxd5 exd5 10. Be2 Re8 11. Rc1 a5 12. b5 Bxa3 13. Bxa3 Qxa3 14. bxc6 bxc6 15. 0-0 Qd6 16. Na4 Ba6 17. Nc5 Nxc5 18. Rxc5 Bxe2 19. Qxe2 Ne4 20. Qc2 Nxc5 21. dxc5 Qg6 22. Qa4 Ra6 23. Rd1 Rb8 24. h3 h6 25. Ne5 Qe6 26. Nf3 Rb4 27. Qa3 Qe4 28. Nd2 Qc2 29. Qa1 Rb2 30. Nf3 Qxf2+ 0-1

[Event "Reunion op 11th"]
[Site "St Denis"]
[Date "2009.10.17"]
[Round "9"]
[White "Oster, Jean Marie"]
[Black "Faustin, Patrice"]
[Result "0-1"]
[WhiteElo "1635"]
[BlackElo "1798"]
[PlyCount "61"]
[EventDate "2009.10.10"]
[EventType "swiss"]
[EventRounds "9"]
[EventCountry "RUF"]
[SourceTitle "CBM 132 Extra"]
[Source "ChessBase"]
[SourceDate "2009.11.03"]
[SourceVersion "1"]
[SourceVersionDate "2009.11.03"]
[SourceQuality "1"]

1. Nf3 d5 2. c4 d4 3. e3 c5 4. Be2 Nc6 5. d3 e5 6. 0-0 Bd6 7. exd4 exd4 8. Nbd2 Nf6 9. Re1 0-0 10. Ng5 b6 11. Nge4 Nxe4 12. Nxe4 Bc7 13. Bd2 Bb7 14. a3 f5 15. Ng5 h6 16. Ne6 Bxh2+ 17. Kxh2 Qd6+ 18. Nf4 g5 19. g3 Ne5 20. Nd5 f4 21. b4 fxg3+ 22. fxg3 Rf2+ 23. Kh3 Bc8+ 24. g4 Nxg4 25. Rh1 Ne3+ 26. Bg4 Bxg4+ 27. Qxg4 Nxg4 28. Kxg4 Rxd2 29. bxc5 bxc5 30. Rae1 Qd7+ 31. Kh5 0-1

[Event "Reunion op 11th"]
[Site "St Denis"]
[Date "2009.10.12"]
[Round "4"]
[White "Dalleau, Philippe"]
[Black "Oster, Jean Marie"]
[Result "1/2-1/2"]
[WhiteElo "1869"]
[BlackElo "1635"]
[PlyCount "56"]
[EventDate "2009.10.10"]
[EventType "swiss"]
[EventRounds "9"]
[EventCountry "RUF"]
[SourceTitle "CBM 132 Extra"]
[Source "ChessBase"]
[SourceDate "2009.11.03"]
[SourceVersion "1"]
[SourceVersionDate "2009.11.03"]
[SourceQuality "1"]

1. c4 c5 2. Nc3 Nf6 3. Nf3 Nc6 4. g3 e5 5. Bg2 d5 6. cxd5 Nxd5 7. d3 Be7 8. 0-0 0-0 9. Bd2 Be6 10. Qa4 Nb6 11. Qc2 Qd7 12. Rfd1 Rad8 13. Rac1 Nd4 14. Qb1 Nxf3+ 15. Bxf3 Nd5 16. Ne4 b6 17. Re1 f5 18. Ng5 Bxg5 19. Bxg5 Nf6 20. Rc2 h6 21. Bd2 e4 22. dxe4 fxe4 23. Bg2 Bf5 24. e3 Bh3 25. Bh1 Qd3 26. Qc1 Rd7 27. Bc3 Qd5 28. b4 cxb4 1/2-1/2

[Event "Reunion op 11th"]
[Site "St Denis"]
[Date "2009.10.11"]
[Round "3"]
[White "Oster, Jean Marie"]
[Black "Cochard, Franck Olivier"]
[Result "1-0"]
[WhiteElo "1635"]
[BlackElo "1099"]
[PlyCount "83"]
[EventDate "2009.10.10"]
[EventType "swiss"]
[EventRounds "9"]
[EventCountry "RUF"]
[SourceTitle "CBM 132 Extra"]
[Source "ChessBase"]
[SourceDate "2009.11.03"]
[SourceVersion "1"]
[SourceVersionDate "2009.11.03"]
[SourceQuality "1"]

1. Nf3 c5 2. e4 Nc6 3. c4 g6 4. Nc3 Bg7 5. d3 d6 6. Be3 Nf6 7. Be2 Bg4 8. 0-0 0-0 9. d4 b6 10. d5 Nb8 11. Qd2 Bxf3 12. Bxf3 Re8 13. Rad1 e6 14. dxe6 Rxe6 15. e5 Rxe5 16. Bxa8 Nbd7 17. Bf3 Ne8 18. Nb5 a6 19. Nxd6 Nxd6 20. Qxd6 Rf5 21. b3 Be5 22. Qxd7 Qh4 23. g3 Qh3 24. Bg2 Qg4 25. Qd8+ Kg7 26. Qxb6 h5 27. h3 Qe2 28. Rd2 Qxf1+ 29. Bxf1 Bc3 30. Rd3 Bd4 31. Bxd4+ cxd4 32. Qxd4+ f6 33. h4 g5 34. Qd7+ Kg6 35. Qe8+ Kh6 36. Qh8+ Kg6 37. Rd8 Re5 38. Rd6 Re1 39. Qxf6+ Kh7 40. Qf7+ Kh8 41. Rd8+ Re8 42. Rxe8# 1-0

[Event "Reunion op 11th"]
[Site "St Denis"]
[Date "2009.10.11"]
[Round "2"]
[White "Rajaonson, Andriamahenina"]
[Black "Oster, Jean Marie"]
[Result "1-0"]
[WhiteElo "1919"]
[BlackElo "1635"]
[PlyCount "63"]
[EventDate "2009.10.10"]
[EventType "swiss"]
[EventRounds "9"]
[EventCountry "RUF"]
[SourceTitle "CBM 132 Extra"]
[Source "ChessBase"]
[SourceDate "2009.11.03"]
[SourceVersion "1"]
[SourceVersionDate "2009.11.03"]
[SourceQuality "1"]

1. f4 c5 2. Nf3 d5 3. d3 Nc6 4. g3 Nf6 5. Bg2 e6 6. 0-0 Be7 7. a3 0-0 8. Qe1 b5 9. Nbd2 Bb7 10. h3 Qc7 11. e4 dxe4 12. Nxe4 Rad8 13. Nf2 a6 14. Bd2 Nd4 15. Nxd4 cxd4 16. Ba5 Qc8 17. Bxd8 Bxg2 18. Bxe7 Qc6 19. Bxf6 gxf6 20. Qe2 Kh8 21. Ne4 Bxh3 22. Rf2 f5 23. Ng5 Bg4 24. Qe5+ Kg8 25. Qf6 Bh5 26. Nxh7 Kxh7 27. Qg5 Bg6 28. Rh2+ Kg7 29. Qh6+ Kf6 30. Qxf8 Qf3 31. Qd8+ Kg7 32. Qh8# 1-0

[Event "Wasselonne op"]
[Site "Wasselonne"]
[Date "2009.08.08"]
[Round "4"]
[White "Bonnet, Gerard"]
[Black "Oster, Jean Marie"]
[Result "0-1"]
[WhiteElo "1815"]
[BlackElo "1620"]
[PlyCount "54"]
[EventDate "2009.08.06"]
[EventType "swiss"]
[EventRounds "7"]
[EventCountry "FRA"]
[SourceTitle "EXT 2011"]
[Source "ChessBase"]
[SourceDate "2010.11.26"]
[SourceVersion "1"]
[SourceVersionDate "2010.11.26"]
[SourceQuality "1"]

1. d4 c5 2. Nf3 e6 3. e3 Nf6 4. Bd3 Nc6 5. a3 d5 6. b3 cxd4 7. exd4 Be7 8. Bb2 0-0 9. Nbd2 b6 10. 0-0 Bb7 11. Re1 Nh5 12. g3 Bf6 13. c4 g6 14. Rc1 dxc4 15. Nxc4 Nxd4 16. Nxd4 Bxd4 17. Bxd4 Qxd4 18. Ne3 Rad8 19. Be2 Qe4 20. Bf3 Qxf3 21. Qxf3 Bxf3 22. h4 Rd3 23. Rb1 Rc8 24. Nc4 Bd5 25. Re3 Bxc4 26. bxc4 Rxe3 27. fxe3 Rxc4 0-1

[Event "Wasselonne op"]
[Site "Wasselonne"]
[Date "2009.08.08"]
[Round "5"]
[White "Oster, Jean Marie"]
[Black "Arnaud, Jean Paul"]
[Result "1-0"]
[WhiteElo "1620"]
[BlackElo "1880"]
[PlyCount "133"]
[EventDate "2009.08.06"]
[EventType "swiss"]
[EventRounds "7"]
[EventCountry "FRA"]
[SourceTitle "EXT 2011"]
[Source "ChessBase"]
[SourceDate "2010.11.26"]
[SourceVersion "1"]
[SourceVersionDate "2010.11.26"]
[SourceQuality "1"]

1. Nf3 g6 2. c4 Bg7 3. d4 Nf6 4. Nc3 0-0 5. e4 d6 6. Be2 Bg4 7. 0-0 e5 8. d5 c5 9. dxc6 Nxc6 10. Be3 Ne8 11. Qd2 Bxf3 12. Bxf3 Nd4 13. Bxd4 exd4 14. Ne2 Qb6 15. Rad1 Rc8 16. b3 Qa6 17. Qc2 b5 18. Nxd4 bxc4 19. Be2 Qb6 20. Nf3 c3 21. Bc4 Kh8 22. Rd3 Bf6 23. Rfd1 Rxc4 24. bxc4 Qb2 25. Ne1 Qb7 26. Rd5 Qa6 27. Qb3 Kg8 28. Nc2 Qc8 29. Nd4 Qg4 30. g3 Qxe4 31. Qxc3 Nc7 32. Rxd6 Ne6 33. Qe3 Qxe3 34. fxe3 Bg5 35. Kf2 Nc5 36. Kf3 Re8 37. Re1 Nd3 38. Re2 Ne5+ 39. Kf2 Nxc4 40. Ra6 Re7 41. e4 Nd2 42. e5 Nc4 43. Nf3 Bh6 44. Rc6 Nb6 45. Rec2 Nd5 46. Rc8+ Kg7 47. Rd8 Nb6 48. a3 f6 49. exf6+ Kxf6 50. Rd6+ Kf7 51. Rcc6 Be3+ 52. Kg2 Bh6 53. Rf6+ Ke8 54. h4 Re2+ 55. Kh3 Ke7 56. Nd4 Re4 57. Nb5 Bg7 58. Rf3 Nd5 59. Ra6 Bd4 60. Rd3 Re1 61. Rxd4 Ne3 62. Re4+ Kf7 63. Rxa7+ Kf6 64. Rf4+ Ke5 65. Re7+ Kd5 66. Nc3+ Kd6 67. Rxe3 1-0

[Event "Wasselonne op"]
[Site "Wasselonne"]
[Date "2009.08.07"]
[Round "2"]
[White "Oster, Jean Marie"]
[Black "Civit, Pierre"]
[Result "0-1"]
[WhiteElo "1620"]
[BlackElo "1805"]
[PlyCount "128"]
[EventDate "2009.08.06"]
[EventType "swiss"]
[EventRounds "7"]
[EventCountry "FRA"]
[SourceTitle "EXT 2011"]
[Source "ChessBase"]
[SourceDate "2010.11.26"]
[SourceVersion "1"]
[SourceVersionDate "2010.11.26"]
[SourceQuality "1"]

1. Nf3 d5 2. c4 Nf6 3. d4 g6 4. Nc3 Bg7 5. cxd5 Nxd5 6. e4 Nxc3 7. bxc3 0-0 8. e5 c5 9. Bf4 cxd4 10. cxd4 Nc6 11. d5 Nb4 12. Bc4 Bf5 13. 0-0 Rc8 14. Rc1 b5 15. Bb3 Rxc1 16. Bxc1 a5 17. Qd4 Na6 18. d6 exd6 19. Qxd6 Qxd6 20. exd6 a4 21. Bd5 Nb4 22. Rd1 Bc2 23. Rd2 Bc3 24. Bxf7+ Kxf7 25. Re2 Bf5 26. Ng5+ Kg8 27. Bf4 Bf6 28. h4 Nc6 29. f3 Bxg5 30. Bxg5 Kf7 31. g4 Bd7 32. Rd2 Re8 33. Kf2 b4 34. Bf4 b3 35. axb3 axb3 36. Be3 Rb8 37. Rb2 Ne5 38. Ke2 Nc4 39. Rb1 Nxe3 40. Kxe3 Ke6 41. Kd3 Kxd6 42. Rb2 Ke5 43. Ke3 Be6 44. f4+ Kf6 45. Kf3 Rb4 46. h5 Bd5+ 47. Ke3 Re4+ 48. Kf3 Rc4+ 49. Ke3 Rc2 50. Rb1 b2 51. hxg6 hxg6 52. Kd3 Rg2 53. Kc3 Ba2 54. Rxb2 Rxb2 55. Kxb2 Bd5 56. Kc3 Bf3 57. Kd4 Bxg4 58. Ke4 Bc8 59. Kf3 Kf5 60. Kg3 Bb7 61. Kf2 Kxf4 62. Kg1 Kg3 63. Kf1 Kh2 64. Kf2 g5 0-1

[Event "Vandoeuvre op 5th"]
[Site "Vandoeuvre"]
[Date "2008.12.30"]
[Round "9"]
[White "Vuillemard, Jean Marc"]
[Black "Oster, Jean Marie"]
[Result "1-0"]
[WhiteElo "1822"]
[BlackElo "1611"]
[PlyCount "55"]
[EventDate "2008.12.26"]
[EventType "swiss"]
[EventRounds "9"]
[EventCountry "FRA"]
[SourceTitle "CBM 127 Extra"]
[Source "ChessBase"]
[SourceDate "2009.01.08"]
[SourceVersion "2"]
[SourceVersionDate "2009.01.28"]
[SourceQuality "1"]

1. e4 c5 2. Nc3 e6 3. g3 Nc6 4. Bg2 d6 5. f4 Nge7 6. Nf3 g6 7. Ne2 Bg7 8. c3 0-0 9. 0-0 e5 10. d3 Rb8 11. Be3 b5 12. fxe5 Nxe5 13. Nxe5 Bxe5 14. Bg5 Bg4 15. h3 Be6 16. Nf4 Rb7 17. Bh6 Re8 18. Nxe6 fxe6 19. Qg4 Qd7 20. Rf2 b4 21. Raf1 Rbb8 22. Qf3 Qd8 23. Qf7+ Kh8 24. Rf4 bxc3 25. bxc3 Ng8 26. Rh4 Qe7 27. Bd2 Qxf7 28. Rxf7 1-0

[Event "Reunion op 10th"]
[Site "St Denis"]
[Date "2008.10.16"]
[Round "6"]
[White "Nassau, Jean Bertrand"]
[Black "Oster, Jean Marie"]
[Result "0-1"]
[WhiteElo "1110"]
[BlackElo "1611"]
[PlyCount "94"]
[EventDate "2008.10.11"]
[EventType "swiss"]
[EventRounds "9"]
[EventCountry "RUF"]
[SourceTitle "EXT 2009"]
[Source "ChessBase"]
[SourceDate "2008.11.26"]
[SourceVersion "1"]
[SourceVersionDate "2008.11.26"]
[SourceQuality "1"]

1. e4 c5 2. Nf3 e6 3. d4 cxd4 4. Nxd4 Nc6 5. Nc3 Bb4 6. Bc4 Nge7 7. a3 Qa5 8. Nb3 Bxc3+ 9. Kf1 Qe5 10. Bd3 Ba5 11. Nxa5 Qxa5 12. Be3 d5 13. f3 d4 14. Bd2 Qd8 15. Kf2 e5 16. Rf1 Ng6 17. g3 Bh3 18. Rg1 Qf6 19. g4 Nf4 20. g5 Qg6 21. a4 0-0 22. Bc4 Be6 23. Bf1 Qh5 24. Bxf4 exf4 25. Rh1 Qxg5 26. Ke2 Rac8 27. Kd2 Ne5 28. Bd3 Rfd8 29. Rg1 Qh5 30. Be2 Bc4 31. Bxc4 Nxc4+ 32. Kc1 Ne3 33. Qd3 Rxc2+ 34. Kb1 Qxf3 35. Ka2 Qe2 36. Rxg7+ Kxg7 37. Qb3 f3 38. e5 Qc4 39. h4 Qxb3+ 40. Kxb3 d3 41. a5 Kf8 42. h5 Rdc8 43. Rf1 f2 44. h6 R8c6 45. e6 Rxe6 46. Rd1 Ke7 47. Rxd3 f1Q 0-1

[Event "Reunion op 10th"]
[Site "St Denis"]
[Date "2008.10.13"]
[Round "4"]
[White "Han Yee Yu, Jerome"]
[Black "Oster, Jean Marie"]
[Result "1-0"]
[WhiteElo "1310"]
[BlackElo "1611"]
[PlyCount "103"]
[EventDate "2008.10.11"]
[EventType "swiss"]
[EventRounds "9"]
[EventCountry "RUF"]
[SourceTitle "EXT 2009"]
[Source "ChessBase"]
[SourceDate "2008.11.26"]
[SourceVersion "1"]
[SourceVersionDate "2008.11.26"]
[SourceQuality "1"]

1. e4 c5 2. Nf3 e6 3. d3 Nc6 4. Nbd2 Nf6 5. g3 d5 6. Bg2 d4 7. 0-0 e5 8. Nc4 Qc7 9. Re1 b5 10. Ncd2 Be7 11. Nf1 0-0 12. h3 h6 13. N1h2 Be6 14. a3 Nh7 15. g4 a5 16. h4 f6 17. h5 Qd7 18. Nh4 b4 19. Ng6 Rfc8 20. f4 Bd6 21. f5 Bf7 22. Qf3 bxa3 23. bxa3 c4 24. Rd1 Rab8 25. a4 c3 26. Qe2 Rb6 27. Ba3 Nb4 28. Bxb4 Bxb4 29. Rdb1 Rcb8 30. Qd1 Nf8 31. Nf3 Be8 32. Nfh4 Nh7 33. Qe1 Ng5 34. Nf3 Nf7 35. Kh1 R8b7 36. Ng1 Qd8 37. Ne2 Bc6 38. Nc1 Qe8 39. Na2 Bxa4 40. Nxb4 axb4 41. Qc1 Nd6 42. Ra2 b3 43. cxb3 Bxb3 44. Ra5 Qf7 45. Ra8+ Rb8 46. Rxb8+ Rxb8 47. Qa3 Nc8 48. Qc5 Qe8 49. Rxb3 Na7 50. Rxb8 Qxb8 51. Kh2 Qc8 52. Ne7+ 1-0